| 000 | 00510cab a2200205 4500 | ||
|---|---|---|---|
| 001 | ABS53627 | ||
| 008 | 090401t1995 xxu||||| |||| 00| 0 eng d | ||
| 035 | _a(Sirsi) u5437 | ||
| 041 | _aeng | ||
| 100 | _aPatterson, F. | ||
| 245 | 4 | _aThe expert witness | |
| 260 | _c1995 | ||
| 350 | _a0 | ||
| 490 |
_aRural Property Bulletin _vJuly/August 1995, 38-47(3) |
||
| 520 | _aDiscusses how to be a good expert witness. | ||
| 650 |
_aEXPERT WITNESS _96239 |
||
| 690 | _aLAW | ||
| 942 | _n0 | ||
| 948 | _c04/03/1997 | ||
| 999 |
_c3234 _d3234 |
||